1494 1158 1292 1319 1066 1614 1735 1161 1169 1285 1158 1118 1380 1500 1122 1892 1662 1009 1073 1560 1704 1253 1226 1677 1362 1846 1745 1753 1737 1666 1017 1475 1607 1632 1814 1820 1364 1957 1487 1986 1595 1370 1796 1465 1376 1391 1688 1072 1352 1975 1897 1683 1867 1852 1271 1203 1669 1207 1696 1997 1804 1465 1255 1786 1242 1772 1554 1399 1092 1775 1087 1231 1551 1220 1111 1318 1604 1406 1321 1466 1953 1701 1692 1928 1349 1148 1681 1192 1819 1479 1629 1845 1581 1091 1443 1465 1795 1902 1265 BCNSPRNW ULIB Ver.6.0+V

เปลี่ยนเป็นภาษาไทย

Change to English
 แสดงรายละเอียดบรรณานุกรม
  กลับหน้าหลัก

Brief Record : Get Marc (ISO 2709) : E-mail record : QR code < ปิดหน้าต่าง
LEADER : 00000nam 2200000uu 4500
001    13399111121
003     ULIB
008    110616s||||||||th 000 0 tha d
020    9748839516
050  4 BF538.T35^bอ833ส 2544
100 0  อุมาพร ตรังคสมบัติ
245 10 สร้าง E.Q. ให้ลูกคุณ /^cอุมาพร ตรังคสมบัติ
250    พิมพ์ครั้งที่ 1
260    กรุงเทพฯ :^bศูนย์วิจัยและพัฒนาครอบครัว,^c2544
300    356 หน้า ;^c24 ซม.
650  7 ความฉลาดทางอารมณ์
650  7 จิตวิทยาเด็ก
650  7 อารมณ์
653    Open Your Eyes Project
945    ^p300^l0^i013924
945    ^p300^l0^i013923
945    ^p300^l0^i013921
945    ^p300^l0^i013920
945    ^p300^l0^i013919
945    ^p300^l0^i013922
995    ทศพร
999 ^a ใช้งานได้ทุกระบบ
รายการนี้ยังไม่มีแท็ก
คุณยังไม่ได้ล็อกอิน คุณสามารถมีกิจกรรมร่วมกับเว็บไซต์ได้ แต่ต้องล็อกอินก่อน ::
  ล็อกอิน

รายการสื่อสารสนเทศ

ลำดับที่ ประเภท เลขเรียก/บาร์โค้ด สถานที่ สถานะ
- ไม่พบข้อมูล -

รายการใกล้เคียง
    ผู้แต่ง [อุมาพร ตรังคสมบัติ]

    หัวเรื่อง [ความฉลาดทางอารมณ์]
    หัวเรื่อง [จิตวิทยาเด็ก]
    หัวเรื่อง [อารมณ์]

BibComment


ยังไม่เคยถูกคอมเมนท์

คอมเมนท์ทรัพยากรรายการนี้
  คอมเมนท์: สร้าง EQ ให้ลูกคุ..


 Copyright 2026. Bcnsprnw @Library